00560nam a2200193Ia 4500003000900000008004100009040001300050040001300063041000800076100002200084245016600106250001100272260002100283260000900304300001100313300001000324490002600334490000600360IT-RoPAU120407s9999 xx 000 0 und d aIT-RoPAU cIT-RoPAU aita aValerio Albisetti aDa Freud a Dio. Uno psicoanalista uccide la psicoanalisi per arrivare alle radici non dell’inconscio ma dello spirito ove sconfiggere anche la paura del morire aMilano aEdizioni Paoline c1993 a123 p. c21 cm aScaffale eppì, 10 v1